Countries Jawaharlal Nehru visited - Statistics

General Stats
  • This quiz has been taken 44 times
  • The average score is 30 of 41
Answer Stats
Continent Country % Correct
Asia China
97%
Europe France
97%
North America United States of America
95%
Asia Indonesia
92%
Europe United Kingdom
92%
Europe West Germany
89%
Asia Japan
86%
Europe the Netherlands
86%
Europe Italy
84%
Asia Malaysia
84%
Asia Pakistan
84%
Asia/ Europe Soviet Union
84%
Asia/ Europe Turkey
84%
North America Canada
81%
Asia Iran
81%
Europe Norway
81%
Africa Egypt
78%
North America Mexico
78%
Europe Sweden
78%
Asia Thailand
78%
Europe Austria
76%
Europe Poland
76%
Europe Denmark
73%
Europe Finland
73%
Europe Ireland
73%
Asia Laos
73%
Asia Saudi Arabia
73%
Europe Switzerland
73%
Asia Vietnam
73%
Asia Bhutan
68%
Europe Greece
68%
Europe Yugoslavia
68%
Asia Myanmar
65%
Asia Sri Lanka
65%
Asia Cambodia
62%
Europe Czechoslovakia
54%
Africa Nigeria
54%
Asia Lebanon
51%
Asia Syria
51%
Africa Sudan
35%
Asia Tibet
11%
No matching quizzes found
Score Distribution
Percent of People with Each Score
Percentile by Number Answered
Your Score History
You have not taken this quiz